Đón đầu xu hướng : Chiêu thức ẩn giấu trong những trào lưu văn hóa, thông tin, công nghệ và kinh tế = Non obvious : how to think different, curate ideas & predict the future

Hướng dẫn cách nhìn ra quy luật, dự báo xu hướng toàn cầu và trình bày những giải pháp cho vấn đề các doanh nghiệp, doanh nhân khởi nghiệp, giám đốc tiếp thị và CEO quan tâm: làm thế nào biết được thị trường sẽ đi tới đâu và làm thế n...

全面介紹

Đã lưu trong:
書目詳細資料
主要作者: Bhargava, Rohit
格式: 圖書
語言:Undetermined
出版: Hà Nội Lao động 2016
主題:
標簽: 添加標簽
沒有標簽, 成為第一個標記此記錄!
Thư viện lưu trữ: Trung tâm Học liệu Trường Đại học Cần Thơ
LEADER 01266nam a2200217Ia 4500
001 CTU_207632
008 210402s9999 xx 000 0 und d
020 |c 86000 
082 |a 658.40355 
082 |b B575 
100 |a Bhargava, Rohit 
245 0 |a Đón đầu xu hướng : 
245 0 |b Chiêu thức ẩn giấu trong những trào lưu văn hóa, thông tin, công nghệ và kinh tế = Non obvious : how to think different, curate ideas & predict the future 
245 0 |c Rohit Bhargava ; Đặng Việt Vinh dịch 
260 |a Hà Nội 
260 |b Lao động 
260 |c 2016 
520 |a Hướng dẫn cách nhìn ra quy luật, dự báo xu hướng toàn cầu và trình bày những giải pháp cho vấn đề các doanh nghiệp, doanh nhân khởi nghiệp, giám đốc tiếp thị và CEO quan tâm: làm thế nào biết được thị trường sẽ đi tới đâu và làm thế nào để tới đó trước mọi người và khai thác nó 
650 |a Creative ability in business,Khả năng sáng tạo trong kinh doanh 
904 |i Hải 
980 |a Trung tâm Học liệu Trường Đại học Cần Thơ